| 000 | 01342nam a2200409 c 4500 | ||
|---|---|---|---|
| 001 | 19959 | ||
| 003 | ES-MaCES | ||
| 005 | 20141221122632.0 | ||
| 008 | 070417s2007 sp d o000 | eng d | ||
| 017 |
_aM 12445-2007 _bDL |
||
| 035 | _aCES20070004431m | ||
| 040 |
_aES-MaCES _bspa _cES-MaCES |
||
| 100 | 1 |
_aBover, Olympia _98224 |
|
| 245 | 1 | 0 |
_aHouse prices and employment reallocation _b: international evidence _cOlympia Bover and Juan F. Jimeno |
| 260 |
_aMadrid _bBanco de España _c[2007] |
||
| 300 |
_a43 p. _bgráf. bl. y n. _c24 cm |
||
| 490 | 1 |
_aDocumento de trabajo _v0705 |
|
| 500 | _aResumen | ||
| 504 | _aBibliografía: p. 38-39 | ||
| 541 | _cGratuito | ||
| 650 | 4 |
_avivienda _928598 |
|
| 650 | 4 |
_aprecio _927915 |
|
| 650 | 4 |
_aempleo _928299 |
|
| 650 | 4 |
_aconstrucción _930288 |
|
| 650 | 4 |
_anecesidad de mano de obra _928296 |
|
| 650 | 4 |
_asector económico _930015 |
|
| 650 | 4 |
_ainternacional _926674 |
|
| 650 | 4 |
_acomparación _928892 |
|
| 650 | 4 |
_amodelo econométrico _929368 |
|
| 653 | 1 | 0 | _aEmpleo |
| 700 | 1 |
_aJimeno, Juan F. _915463 |
|
| 710 | 2 |
_aBanco de España _bServicio de Estudios _eed. _91590 |
|
| 830 | 0 |
_aDocumentos de trabajo (Banco de España. Servicio de Estudios) _v0705 _932242 |
|
| 902 | _aDOC Literatura gris | ||
| 942 |
_2CES _cBK _h2.1. |
||
| 999 |
_c19959 _d19959 |
||